[Event "Kandidatklassen"]
[Site "Svendborg"]
[Date "2019.04.18"]
[Round "3"]
[White "Brondt, Nicolai Kvist"]
[Black "Hoyer, Jacob K"]
[Result "1-0"]
[WhiteElo "2307"]
[BlackElo "2201"]
[EventDate "2019.04.16"]
[EventRounds "7"]
[EventCountry "DEN"]
[WhiteFideId "1413848"]
[BlackFideId "1416316"]

1. d4 Nf6 2. Nf3 g6 3. c4 Bg7 4. g3 d5 5. cxd5 Nxd5 6. Bg2 Nb6 7. O-O O-O 8. Nc3 Nc6 9. e3 a5 10. Qe2 e5 11. Nxe5 Nxe5 12. dxe5 Bxe5 13. Rd1 Qe7 14. Bd2 c6 15. Rac1 Be6 16. Be1 Rfd8 17. Rxd8+ Qxd8 18. Ne4 Bxa2 19. Nc5 Bc4 20. Rxc4 Nxc4 21. Qxc4 Qd1 22. Kf1 Bxb2 23. Nxb7 a4 24. Bxc6 a3 25. Nd6 Ra7 26. Nxf7 a2 27. Ng5+ Kg7 28. Ne6+ Kf6 29. Bd5 Ra4 30. Qc6 Qd3+ 31. Kg2 Ra6 32. Qb7 Qxd5+ 33. Qxd5 a1=Q 34. Ng5 Ra7 35. Qd8+ Kg7 36. Bb4 Ra8 37. Qe7+ Kh6 38. Nf7+ Kg7 39. Nd8+ Kh6 40. Qf8+ Kh5 41. Qf3+ Kh6 42. Bf8+ Bg7 43. Nf7#  1-0

[Event "Kandidatklassen"]
[Site "Svendborg"]
[Date "2019.04.18"]
[Round "3"]
[White "Pedersen, Steffen"]
[Black "Kristensen, Bjarke Hautop"]
[Result "1-0"]
[WhiteElo "2322"]
[BlackElo "2211"]
[EventDate "2019.04.16"]
[EventRounds "7"]
[EventCountry "DEN"]
[WhiteFideId "1401491"]
[BlackFideId "1437747"]

1. d4 Nf6 2. Nf3 g6 3. c4 Bg7 4. Nc3 d5 5. cxd5 Nxd5 6. Na4 Nb6 7. e4 Bg4 8. Be3 Bxf3 9. gxf3 Nxa4 10. Qxa4+ Nd7 11. Rd1 O-O 12. Qb3 Nb6 13. h4 Qd6 14. h5 e5 15. d5 Nd7 16. Be2 f5 17. hxg6 hxg6 18. Rc1 Rfc8 19. Qxb7 Rab8 20. Qc6 fxe4 21. fxe4 Qb4+ 22. Kf1 Qxe4 23. Qe6+ Kf8 24. Rh3  1-0

[Event "Kandidatklassen"]
[Site "Svendborg"]
[Date "2019.04.18"]
[Round "3"]
[White "Jorgensen, Brian Jorgen"]
[Black "Heimisson, Hilmir Freyr"]
[Result "1-0"]
[WhiteElo "2261"]
[BlackElo "2299"]
[EventDate "2019.04.16"]
[EventRounds "7"]
[EventCountry "DEN"]
[WhiteFideId "1401548"]
[BlackFideId "2309998"]

1. c4 c5 2. Nf3 Nc6 3. d4 cxd4 4. Nxd4 Nf6 5. Nc3 e6 6. a3 Bc5 7. Nb3 Be7 8. e4 O-O 9. Bf4 d6 10. Be2 b6 11. O-O Bb7 12. Bg3 Rc8 13. Kh1 Rc7 14. f4 Rd7 15. Bf3 Ba6 16. Be2 Qa8 17. Bd3 Rc8 18. Be1 e5 19. f5 Nd4 20. Nd2 b5 21. cxb5 Bb7 22. Bf2 d5 23. Nxd5 Nxd5 24. exd5 Bxd5 25. Qg4 h5 26. Qh3 Bf6 27. Bxd4 exd4 28. Nf3 Re7 29. Rae1 Rce8 30. Rxe7 Rxe7 31. Qxh5 Re3 32. Bb1 Qe8 33. Ng5 Qxb5 34. Rc1 Qb7 35. Qh7+ Kf8 36. Qh8+ Ke7 37. Nh7 Bxg2+ 38. Kg1 Bc6 39. Qf8+ Kd7 40. Nxf6+ gxf6 41. Qxf7+ Re7 42. Qxf6 Qb5 43. Qxd4+ Kc8 44. Be4  1-0

[Event "Kandidatklassen"]
[Site "Svendborg"]
[Date "2019.04.18"]
[Round "3"]
[White "Rewitz, Poul"]
[Black "Nord, Michael"]
[Result "1-0"]
[WhiteElo "2212"]
[BlackElo "2066"]
[EventDate "2019.04.16"]
[EventRounds "7"]
[EventCountry "DEN"]
[WhiteFideId "1401033"]
[BlackFideId "1433784"]

1. e4 e6 2. d4 d5 3. Nc3 Nc6 4. e5 f6 5. Bb5 Bd7 6. Nf3 Qe7 7. O-O Qf7 8. Re1 O-O-O 9. a3 Nge7 10. b4 h6 11. Na4 Nxe5 12. Nxe5 fxe5 13. Bxd7+ Rxd7 14. Nc5 Rd8 15. Rxe5 Nc6 16. Re2 Bxc5 17. bxc5 Qf6 18. c3 e5 19. Be3 exd4 20. cxd4 Rhe8 21. Rb2 Re4 22. Rab1 b6 23. Qd3 Kb7 24. a4 Rde8 25. cxb6 cxb6 26. a5 Nxa5 27. Qb5 Nc6 28. Qxd5 Qd8 29. Qa2 Qxd4 30. Qf7+ R8e7 31. Qxe7+ Rxe7 32. Bxd4 Nxd4 33. f3 Ne2+ 34. Kf1 Nc3 35. Re1 Rd7 36. g4 a5 37. Re6 b5 38. Re3 Rd1+ 39. Kg2 Rc1 40. Re6 b4 41. Rg6 Ra1 42. Rxg7+ Kb6 43. Rg6+ Kb5 44. Rxh6 Ra2 45. Rxa2 Nxa2 46. g5 b3 47. g6 b2 48. g7 b1=Q 49. Rh5+ Ka6 50. g8=Q Qc2+ 51. Kh3 Qc6 52. Kg4 Nb4 53. Qg5 Qc4+ 54. Kg3 Nc6 55. Qd5 Qc2 56. Qb5+ Ka7 57. Rh6 Nb8 58. Qxa5+ Kb7 59. Qb5+ Kc7 60. Qe5+  1-0

[Event "Kandidatklassen"]
[Site "Svendborg"]
[Date "2019.04.18"]
[Round "3"]
[White "Liu, Casper Yukun"]
[Black "Thorsbro, Peter"]
[Result "1-0"]
[WhiteElo "2174"]
[BlackElo "2116"]
[EventDate "2019.04.16"]
[EventRounds "7"]
[EventCountry "DEN"]
[WhiteFideId "1454153"]
[BlackFideId "1406671"]

1. d4 Nf6 2. Bf4 d5 3. e3 c5 4. c3 Nc6 5. Nd2 e6 6. Ngf3 cxd4 7. exd4 Nh5 8. Bg3 Nxg3 9. hxg3 Bd6 10. Bd3 h6 11. Qe2 O-O 12. O-O-O Re8 13. Rh5 e5 14. Nxe5 Bxe5 15. dxe5 Qc7 16. Bc2 Rxe5 17. Rxe5 Qxe5 18. Qd3 g6 19. Nf3 Qf6 20. Qe3 Kg7 21. Bb3 Be6 22. Bxd5 Bxd5 23. Rxd5 Rd8 24. Rxd8 Qxd8 25. Nd4 Qd5 26. Nxc6 Qxc6 27. Qxa7 Qxg2 28. Qd4+ Kg8 29. a4 h5 30. b4 Qf1+ 31. Kb2 Qe2+ 32. Kb3 Qe7 33. f4 Kh7 34. a5 f6 35. Qc5 Qd7 36. b5 Qd1+ 37. Kc4 Qe2+ 38. Kd5 Qd3+ 39. Ke6 Qxg3 40. Qe7+ Kh6 41. Qf8+ Kh7 42. Kf7  1-0

[Event "Kandidatklassen"]
[Site "Svendborg"]
[Date "2019.04.18"]
[Round "3"]
[White "Jepsen, Thomas Stausholm"]
[Black "Nilssen, Ellen Fredericia"]
[Result "1-0"]
[WhiteElo "2155"]
[BlackElo "2048"]
[EventDate "2019.04.16"]
[EventRounds "7"]
[EventCountry "DEN"]
[WhiteFideId "1403273"]
[BlackFideId "1441230"]

1. e4 e6 2. d3 d5 3. Nd2 Nf6 4. Ngf3 c5 5. g3 Nc6 6. Bg2 Be7 7. O-O b6 8. h4 Bb7 9. Re1 Qc7 10. c3 h6 11. a3 O-O-O 12. e5 Nd7 13. d4 g5 14. hxg5 hxg5 15. Nf1 Rdg8 16. b4 Ba6 17. Ne3 Kb8 18. Rb1 Bb7 19. bxc5 bxc5 20. Ng4 c4 21. Be3 Na5 22. Re2 Ka8 23. Reb2 Nb6 24. Nd2 Bc6 25. Qf3 Na4 26. Rc2 Bxa3 27. Ra1 Be7 28. Qxf7 Qd7 29. Nf6 Bxf6 30. Qxd7 Bxd7 31. exf6 Nb3 32. Ra3 Nxd2 33. Bxd2 Nb6 34. Rca2 Nc8 35. Ra5 Rh7 36. Rxd5 exd5 37. Bxd5+ Bc6 38. Bxc6+ Kb8 39. Bd5 Rd8 40. Rb2+ Nb6 41. Be4 Rhh8 42. Bxg5 Kc7 43. Rb5 Kd6 44. Rc5 Rdf8 45. Bf5 Nd5 46. Rxc4 Rh5 47. f4 Rfh8 48. Be4 Rh2 49. Rc5 Ne3 50. f5 Ng4 51. Bf4+ Kd7 52. Rc7+ Kd8 53. Rxa7 Nxf6 54. Bg5  1-0

[Event "Kandidatklassen"]
[Site "Svendborg"]
[Date "2019.04.18"]
[Round "3"]
[White "Guindy, Esmat Susanne"]
[Black "Christensen, Tobias"]
[Result "0-1"]
[WhiteElo "2144"]
[BlackElo "2348"]
[EventDate "2019.04.16"]
[EventRounds "7"]
[EventCountry "DEN"]
[WhiteFideId "1401637"]
[BlackFideId "1400673"]

1. c4 g6 2. d4 Bg7 3. g3 Nf6 4. Bg2 O-O 5. Nf3 d6 6. O-O Nc6 7. Nc3 a6 8. e4 Bg4 9. h3 Bxf3 10. Bxf3 Nd7 11. Be3 e5 12. d5 Nd4 13. Bg2 c5 14. dxc6 bxc6 15. Qd2 Qa5 16. f4 Qb4 17. b3 Qxc3  0-1

[Event "Kandidatklassen"]
[Site "Svendborg"]
[Date "2019.04.18"]
[Round "3"]
[White "Vasova, Maria"]
[Black "Christensen, Lars"]
[Result "1/2-1/2"]
[WhiteElo "2124"]
[BlackElo "2042"]
[EventDate "2019.04.16"]
[EventRounds "7"]
[EventCountry "DEN"]
[WhiteFideId "2900955"]
[BlackFideId "1423240"]

1. e4 d5 2. exd5 Qxd5 3. Nc3 Qa5 4. Nf3 Bg4 5. d4 c6 6. Be2 e6 7. Ne5 Bxe2 8. Qxe2 Nf6 9. O-O Nbd7 10. Re1 Nxe5 11. dxe5 Nd7 12. Bd2 Bb4 13. a3 Bxc3 14. Bxc3 Qc7 15. Qg4 g6 16. Qf3 O-O 17. h4 Rae8 18. h5 h6 19. Qe3 Kg7 20. Qxa7 c5 21. Qa4 Nb6 22. Qh4 Qe7 23. Qxe7 Rxe7 24. Re4 Ra8 25. hxg6 fxg6 26. Bd2 Ra4 27. Rxa4 Nxa4 28. b3 Nb6 29. Ba5 Nd7 30. Bc7 g5 31. g4 h5 32. gxh5 Kh6 33. a4 g4 34. a5 Kxh5 35. a6 bxa6 36. Rxa6 Kg6 37. Ra5 Kf5 38. c4 Ke4 39. Bd6 Re8 40. b4 cxb4 41. Rb5 Kd4 42. Kg2 Rc8 43. Rxb4 Nxe5 44. Bxe5+ Kxe5 45. Kg3 Kd4 46. c5+ Kxc5 47. Rxg4 Rf8 48. Rg5+ Kd6 49. f4 Rf7 50. Kg4 Rf8 51. Rg7 Rf5 52. Ra7 Rf8 53. Kg5 Rf5+ 54. Kg4 Rf8 55. Ra6+ Ke7 56. Ra5 Kd6 57. Kf3 Kd7 58. Ke4 Kd6 59. Ra6+ Kd7 60. Rb6 Rf5 61. Rb7+ Kd6 62. Rg7 Rf8 63. Rg6 Rf5 64. Rh6  1/2-1/2

[Event "Kandidatklassen"]
[Site "Svendborg"]
[Date "2019.04.18"]
[Round "3"]
[White "Le Besq, Alexander"]
[Black "Nielsen, Viktor Haarmark"]
[Result "1/2-1/2"]
[WhiteElo "2142"]
[BlackElo "2288"]
[EventDate "2019.04.16"]
[EventRounds "7"]
[EventCountry "DEN"]
[WhiteFideId "1437089"]
[BlackFideId "1444492"]

1. e4 c5 2. Nf3 Nc6 3. d4 cxd4 4. Nxd4 e6 5. Nc3 Qc7 6. Be3 a6 7. Bd3 b5 8. Nxc6 Qxc6 9. e5 f5 10. Be2 Bb7 11. Bf3 Qc7 12. Bxb7 Qxb7 13. O-O Qc7 14. f4 Nh6 15. h3 Be7 16. Qd4 Rc8 17. Rfd1 Bc5 18. Qxc5 Qxc5 19. Bxc5 Rxc5 20. Rd6 Ke7 21. Rad1 Rd8 22. Rxa6 b4 23. Na4 Rxc2 24. Ra7 Nf7 25. g3 g5 26. Nb6 Kf8 27. Rdxd7 Rxd7 28. Nxd7+ Kg7 29. fxg5 Nxg5 30. h4 Nf3+ 31. Kf1 Rd2 32. Nf6+ Kf8 33. Nxh7+ Kg8 34. Nf6+ Kf8 35. Nh7+ Kg8 36. Ng5 Nxg5 37. hxg5 Rxb2 38. g6 Rc2 39. Rb7 Rxa2 40. Rxb4 Ra5 41. g4 Rxe5 42. gxf5 Rxf5+ 43. Ke2 Kg7 44. Rg4 Rf6 45. Ke3 Rxg6 46. Rxg6+ Kxg6 47. Ke4 Kf6 48. Kf4 e5+ 49. Ke4 Ke6 50. Ke3 Kd5 51. Kd3 e4+ 52. Ke3 Ke5 53. Ke2 Kf4 54. Kf2 e3+ 55. Ke2 Ke4 56. Ke1 Kd3 57. Kd1 e2+ 58. Ke1 Ke3  1/2-1/2

[Event "Kandidatklassen"]
[Site "Svendborg"]
[Date "2019.04.18"]
[Round "3"]
[White "Easwaralingam, Adesh"]
[Black "Moe, Mogens"]
[Result "1-0"]
[WhiteElo "2113"]
[BlackElo "2140"]
[EventDate "2019.04.16"]
[EventRounds "7"]
[EventCountry "DEN"]
[WhiteFideId "1448552"]
[BlackFideId "1400550"]

1. e4 c5 2. Nf3 e6 3. d4 cxd4 4. Nxd4 Nc6 5. Nc3 Qc7 6. Be3 a6 7. Qf3 b5 8. Nxc6 Qxc6 9. Bd3 Bb7 10. Qg3 Nf6 11. e5 Nh5 12. Qh4 Qxg2 13. O-O-O g6 14. Qd4 Qc6 15. Be2 Ng7 16. Bf3 Qc7 17. Bxb7 Qxb7 18. Ne4 Be7 19. Bg5 Nf5 20. Qd3 Bxg5+ 21. Nxg5 Rd8 22. Ne4 O-O 23. h4 h5 24. Rhg1 Qc6 25. Qe2 Qc4 26. Rd3 Nd4 27. Nf6+ Kh8 28. Qd2 Nf5 29. Rf3 Qxa2 30. Qg5 Qa1+ 31. Kd2 Qxb2 32. Rxf5 Qd4+ 33. Ke2 Qc4+ 34. Ke1 Qc3+ 35. Kf1 Qc4+ 36. Kg2 Kg7 37. Nxh5+ Kh7 38. Rf4 Qe2 39. Nf6+ Kg7 40. Ng4 f5 41. Qh6+ Kf7 42. Qh7+ Ke8 43. Nf6+ Rxf6 44. exf6  1-0

[Event "Kandidatklassen"]
[Site "Svendborg"]
[Date "2019.04.18"]
[Round "3"]
[White "Stolberg-Rohr, Thomine"]
[Black "Thybo, Thomas Sondergaard"]
[Result "0-1"]
[WhiteElo "2039"]
[BlackElo "2136"]
[EventDate "2019.04.16"]
[EventRounds "7"]
[EventCountry "DEN"]
[WhiteFideId "1504258"]
[BlackFideId "1441299"]

1. e4 Nc6 2. Nf3 e5 3. Bb5 a6 4. Ba4 Nf6 5. O-O Be7 6. d3 b5 7. Bb3 O-O 8. Nc3 d6 9. a3 Bg4 10. Be3 Na5 11. Ba2 c5 12. b4 Nc6 13. Nd5 Nxd5 14. Bxd5 Rc8 15. c3 Kh8 16. h3 Bh5 17. Kh1 f6 18. g4 Bf7 19. Nh4 Qd7 20. Nf5 g6 21. Nh6 Bxd5 22. exd5 Nd8 23. bxc5 dxc5 24. c4 Nb7 25. Qe2 Nd6 26. f4 e4 27. dxe4 Nxe4 28. Rg1 Kg7 29. Qg2 Nd6 30. g5 Nxc4 31. Rae1 fxg5 32. fxg5 Bd6 33. Bc1 Rf2 34. Re7+ Bxe7 35. Qxf2 Qxh3+ 36. Qh2 Qxh2+ 37. Kxh2 Rf8 38. Re1 Bd6+ 39. Kg2 a5 40. Re4 Be5 41. Rxe5 Nxe5 42. Bb2 Rd8 43. Bxe5+ Kf8 44. d6 b4 45. Ng4 Kf7 46. Ne3 Ke6 47. Nc4 Kd5 48. Bf6 Rb8 49. Nxa5 Kxd6 50. Nc4+ Kd5 51. Ne3+ Ke4 52. Kf2 bxa3 53. Ke2 Rb2+ 54. Bxb2 axb2 55. Nc4 b1=N 56. Nd6+ Kf4 57. Nb5 Kxg5 58. Kd3 h5 59. Kc2 h4 60. Kxb1 h3 61. Nc3 h2 62. Ne4+ Kf4  0-1

[Event "Kandidatklassen"]
[Site "Svendborg"]
[Date "2019.04.18"]
[Round "3"]
[White "Lilja, Richard"]
[Black "Nordenbaek, Jan"]
[Result "1-0"]
[WhiteElo "2065"]
[BlackElo "2214"]
[EventDate "2019.04.16"]
[EventRounds "7"]
[EventCountry "DEN"]
[WhiteFideId "1403109"]
[BlackFideId "1401475"]

1. e4 c5 2. Nc3 a6 3. f4 b5 4. g3 Bb7 5. Bg2 Nf6 6. d3 e6 7. Qe2 Nc6 8. Nf3 Nd4 9. Nxd4 cxd4 10. Nd1 Rc8 11. O-O b4 12. g4 Bc5 13. g5 Ng8 14. Bd2 h6 15. g6 fxg6 16. f5 e5 17. Qg4 g5 18. Qh5+ Kf8 19. f6 Nxf6 20. Bxg5 Be7 21. Bxf6 Bxf6 22. Qxe5 Kg8 23. Qd6 Rxc2 24. Qxb4 Qc7 25. Nf2 Kh7 26. Ng4 Bg5 27. Qxd4 h5 28. Ne3 Re2 29. Nc4 Bf6 30. Qd6 Qxd6 31. Nxd6 Bc6 32. Rf5 Bd4+ 33. Kh1 Rxb2 34. Raf1 Rhb8 35. Rxh5+ Kg6 36. Rh3 Rxa2 37. Nf5 Bf6 38. Bf3 Ra1 39. Bh5+ Kg5 40. Bd1 Be5 41. Rh5+ Kf6 42. Nd4+  1-0

[Event "Kandidatklassen"]
[Site "Svendborg"]
[Date "2019.04.19"]
[Round "4"]
[White "Christensen, Tobias"]
[Black "Lilja, Richard"]
[Result "1-0"]
[WhiteElo "2348"]
[BlackElo "2065"]
[EventDate "2019.04.16"]
[EventRounds "7"]
[EventCountry "DEN"]
[WhiteFideId "1400673"]
[BlackFideId "1403109"]

1. e4 c5 2. Nf3 g6 3. c3 Bg7 4. d4 cxd4 5. cxd4 d5 6. exd5 Nf6 7. Bc4 O-O 8. Nc3 Nbd7 9. O-O Nb6 10. Bb3 Nbxd5 11. Be3 Bg4 12. h3 Bxf3 13. Qxf3 e6 14. Bg5 Qa5 15. Bxf6 Nxf6 16. Qxb7 Rad8 17. Rfd1 Rd7 18. Qb5 Qxb5 19. Nxb5 Rfd8 20. Rac1 Nd5 21. Kf1 a6 22. Nc3 Nf4 23. g3 Nxh3 24. Kg2 Nxf2 25. Kxf2 Bxd4+ 26. Kf3 Kg7 27. Rc2 h5 28. Rcd2 e5 29. Ne2 f5 30. Nxd4 exd4 31. Re1 a5 32. Re5 Kh6 33. Rxa5 Re7 34. Re2 Red7 35. Ra6 d3 36. Ree6 Rg7 37. Rad6 Rdd7 38. Rxg6+  1-0

[Event "Kandidatklassen"]
[Site "Svendborg"]
[Date "2019.04.19"]
[Round "4"]
[White "Heimisson, Hilmir Freyr"]
[Black "Easwaralingam, Adesh"]
[Result "1-0"]
[WhiteElo "2299"]
[BlackElo "2113"]
[EventDate "2019.04.16"]
[EventRounds "7"]
[EventCountry "DEN"]
[WhiteFideId "2309998"]
[BlackFideId "1448552"]

1. d4 Nf6 2. c4 e6 3. Nc3 Bb4 4. Qc2 O-O 5. Nf3 d5 6. cxd5 exd5 7. Bf4 Ne4 8. e3 Nd7 9. Bd3 Ndf6 10. O-O Nxc3 11. bxc3 Bd6 12. Bxd6 Qxd6 13. c4 dxc4 14. Bxc4 Bg4 15. Be2 Qe7 16. Rfc1 c6 17. Rab1 Nd5 18. h3 Bh5 19. Qc5 Rfe8 20. Qxe7 Rxe7 21. Kf1 Bxf3 22. Bxf3 Nb6 23. Rc3 Rd8 24. Rcb3 Rdd7 25. a4 f6 26. Rc1 Nxa4 27. Ra1 Nb6 28. Rxa7 Nc4 29. Ke1 Kf7 30. Be2 Nd6 31. Ra2 f5 32. g3 Ne4 33. h4 g6 34. Kf1 Kg7 35. Kg2 Nf6 36. Ra5 Ne4 37. Ra8 Nd6 38. Rba3 Re8 39. Rxe8 Nxe8 40. Ra8 Nc7 41. Rb8 Nd5 42. Bc4 Nf6 43. Kf1 Ne4 44. Ke2 Kf6 45. Bd3 Nd6 46. f3 Re7 47. Kf2 h6 48. Rd8 Nf7 49. Ra8 Nd6 50. Ra5 Kf7 51. h5 b6 52. hxg6+ Kxg6 53. Ra6 Rb7 54. g4 Kg5 55. gxf5 Nxf5 56. f4+ Kg4 57. Ra1 Nh4 58. Rg1+ Kh3 59. Bf1+ Kh2 60. Rg3  1-0

[Event "Kandidatklassen"]
[Site "Svendborg"]
[Date "2019.04.19"]
[Round "4"]
[White "Pedersen, Steffen"]
[Black "Brondt, Nicolai Kvist"]
[Result "1/2-1/2"]
[WhiteElo "2322"]
[BlackElo "2307"]
[EventDate "2019.04.16"]
[EventRounds "7"]
[EventCountry "DEN"]
[WhiteFideId "1401491"]
[BlackFideId "1413848"]

1. d4 d5 2. c4 c6 3. Nf3 Nf6 4. e3 e6 5. Nc3 a6 6. Qc2 c5 7. cxd5 exd5 8. dxc5 Bxc5 9. Be2 Nc6 10. a3 O-O 11. O-O Qe7 12. Rd1 Rd8 13. b4 Ba7 14. h3 Be6 15. Bb2  1/2-1/2

[Event "Kandidatklassen"]
[Site "Svendborg"]
[Date "2019.04.19"]
[Round "4"]
[White "Nielsen, Viktor Haarmark"]
[Black "Jepsen, Thomas Stausholm"]
[Result "1-0"]
[WhiteElo "2288"]
[BlackElo "2155"]
[EventDate "2019.04.16"]
[EventRounds "7"]
[EventCountry "DEN"]
[WhiteFideId "1444492"]
[BlackFideId "1403273"]

1. e4 d5 2. exd5 Nf6 3. d4 Bg4 4. Be2 Bxe2 5. Nxe2 Nxd5 6. Nd2 g6 7. h4 h6 8. Nf3 c6 9. Qd3 Nd7 10. Bd2 Bg7 11. O-O-O Qc7 12. c4 N5f6 13. Ng3 O-O-O 14. Qe2 Rhe8 15. Ne5 Rf8 16. h5 Ng8 17. f4 Bxe5 18. dxe5 Nc5 19. Be3 Qa5 20. Kb1 gxh5 21. Qxh5 Na4 22. Qe2 Qb4 23. Qc2 Nb6 24. b3 h5 25. Ne4 Nh6 26. Bc5 Rxd1+ 27. Rxd1 Qa5 28. Bxe7 Rg8 29. Nf6 Rh8 30. Qh7  1-0

[Event "Kandidatklassen"]
[Site "Svendborg"]
[Date "2019.04.19"]
[Round "4"]
[White "Hoyer, Jacob K"]
[Black "Rewitz, Poul"]
[Result "0-1"]
[WhiteElo "2201"]
[BlackElo "2212"]
[EventDate "2019.04.16"]
[EventRounds "7"]
[EventCountry "DEN"]
[WhiteFideId "1416316"]
[BlackFideId "1401033"]

1. d4 Nf6 2. c4 g6 3. Nc3 d5 4. Nf3 Bg7 5. Qb3 dxc4 6. Qxc4 a6 7. e4 b5 8. Qb3 c5 9. dxc5 O-O 10. Be2 Bb7 11. O-O Nxe4 12. Nxe4 Bxe4 13. Rd1 Qc7 14. Be3 Nc6 15. a4 b4 16. Nd4 Na5 17. Qxb4 Rfb8 18. Nb5 Qe5 19. Qxa5 axb5 20. Qd2 Qxb2 21. Qxb2 Bxb2 22. Ra2 bxa4 23. f3 Bc6 24. Bd4 a3 25. Bxb2 axb2 26. Rxa8 Rxa8 27. Rb1 Ra1 28. Bd3 h5 29. Kf2 Rxb1 30. Bxb1 Bd7 31. c6 Bxc6 32. Ke3 h4 33. g3 e5 34. gxh4 Bd7 35. Kd2 Bf5 36. Bxf5 gxf5 37. Kc2 e4 38. fxe4 f4  0-1

[Event "Kandidatklassen"]
[Site "Svendborg"]
[Date "2019.04.19"]
[Round "4"]
[White "Moe, Mogens"]
[Black "Le Besq, Alexander"]
[Result "1-0"]
[WhiteElo "2140"]
[BlackElo "2142"]
[EventDate "2019.04.16"]
[EventRounds "7"]
[EventCountry "DEN"]
[WhiteFideId "1400550"]
[BlackFideId "1437089"]

1. e4 c6 2. d4 d5 3. exd5 cxd5 4. c4 Nf6 5. Nc3 Nc6 6. Bg5 Be6 7. Bxf6 exf6 8. c5 g6 9. Bb5 Bg7 10. Nge2 O-O 11. O-O f5 12. Qd2 Qh4 13. Rad1 Bh6 14. f4 Kh8 15. Rf3 Bg7 16. a3 Qd8 17. Bxc6 bxc6 18. b4 Rb8 19. Rb1 Bd7 20. a4 Re8 21. b5 Qa5 22. Qd3 cxb5 23. axb5 Rxe2 24. Nxe2 Bxb5 25. Qb3 Qd2 26. Qe3 Qa5 27. Nc3 a6 28. Nxb5 axb5 29. Kh1 Qa4 30. Qe7 Qxd4 31. c6 Qb6 32. Rc1 Bb2 33. Rc2 Qa6 34. Rf1 Ba3 35. Qf6+ Kg8 36. c7 Qxf6 37. cxb8=Q+ Kg7 38. Qe5 b4 39. Ra2 Qxe5 40. fxe5 f6 41. e6 Kf8 42. Rd1 Ke7 43. Re2 b3 44. Rxd5 b2 45. Rb5 f4 46. Re1 f5 47. Rb3 Bc5 48. Rb7+ Kf6 49. Rf7+ Kg5 50. e7 Bxe7 51. Rfxe7 h5 52. Rb7 Kg4 53. Rxb2 g5 54. h3+ Kh4 55. Re5 g4 56. Rxf5 g3 57. Rxf4+  1-0

[Event "Kandidatklassen"]
[Site "Svendborg"]
[Date "2019.04.19"]
[Round "4"]
[White "Liu, Casper Yukun"]
[Black "Jorgensen, Brian Jorgen"]
[Result "1-0"]
[WhiteElo "2174"]
[BlackElo "2261"]
[EventDate "2019.04.16"]
[EventRounds "7"]
[EventCountry "DEN"]
[WhiteFideId "1454153"]
[BlackFideId "1401548"]

1. e4 e6 2. b3 b6 3. d4 d5 4. exd5 exd5 5. Bd3 Bd6 6. Nf3 Ne7 7. O-O Bg4 8. Ba3 Nbc6 9. c3 f6 10. Re1 O-O 11. Bxd6 Qxd6 12. Nbd2 Bf5 13. Nf1 a5 14. a4 Rfe8 15. Ng3 Bxd3 16. Qxd3 g6 17. Re2 Kf7 18. Rae1 Ng8 19. Rxe8 Rxe8 20. Rxe8 Kxe8 21. h4 Qf4 22. Qb5 Nge7 23. c4 Kf7 24. Ne2 Qd6 25. Nc3 Qb4 26. Nxd5 Qxb5 27. axb5 Nxd5 28. bxc6 Nb4 29. d5 Ke7 30. Nd4 Na6 31. Kf1 Nc5 32. Ke2 h5 33. f3 g5 34. g4 hxg4 35. h5 gxf3+ 36. Kxf3 Nd3 37. Ke4 Nf4 38. h6 Ng6 39. h7 Nh8 40. Kf5  1-0

[Event "Kandidatklassen"]
[Site "Svendborg"]
[Date "2019.04.19"]
[Round "4"]
[White "Thybo, Thomas Sondergaard"]
[Black "Nordenbaek, Jan"]
[Result "0-1"]
[WhiteElo "2136"]
[BlackElo "2214"]
[EventDate "2019.04.16"]
[EventRounds "7"]
[EventCountry "DEN"]
[WhiteFideId "1441299"]
[BlackFideId "1401475"]

1. e4 e5 2. Nf3 Nc6 3. Bb5 f5 4. d3 fxe4 5. dxe4 Nf6 6. O-O Bc5 7. Bg5 d6 8. Nc3 O-O 9. Nd5 Be6 10. Bc4 Qd7 11. Bxf6 gxf6 12. Nh4 Kh8 13. Qh5 Qg7 14. c3 Bg4  0-1

[Event "Kandidatklassen"]
[Site "Svendborg"]
[Date "2019.04.19"]
[Round "4"]
[White "Nilssen, Ellen Fredericia"]
[Black "Vasova, Maria"]
[Result "1-0"]
[WhiteElo "2048"]
[BlackElo "2124"]
[EventDate "2019.04.16"]
[EventRounds "7"]
[EventCountry "DEN"]
[WhiteFideId "1441230"]
[BlackFideId "2900955"]

1. d4 d5 2. Nf3 Nf6 3. c4 dxc4 4. e3 e6 5. Bxc4 a6 6. a3 c5 7. O-O Nc6 8. Nc3 cxd4 9. exd4 Be7 10. Bg5 O-O 11. Qd3 b5 12. Bb3 Bb7 13. Rad1 Nd5 14. Ne4 Re8 15. h4 h6 16. Bxe7 Qxe7 17. Bxd5 exd5 18. Nc5 Qc7 19. Rfe1 Rad8 20. Re3 Bc8 21. Rde1 Rxe3 22. Qxe3 Qd6 23. Qc3 Qf6 24. Re3 Qd6 25. Ne5 Nxe5 26. Rxe5 Qf6 27. g3 Bg4 28. b4 g6 29. Qe3 Kg7 30. Kg2 h5 31. f3 Bf5 32. Qb3 Qc6 33. Qc3 Re8 34. Rxe8 Qxe8 35. Kf2 Qc6 36. Qe3 Be6 37. Qe5+ Kg8 38. Ke3 Kh7 39. Kf4 Bc8  1-0

[Event "Kandidatklassen"]
[Site "Svendborg"]
[Date "2019.04.19"]
[Round "4"]
[White "Christensen, Lars"]
[Black "Stolberg-Rohr, Thomine"]
[Result "0-1"]
[WhiteElo "2042"]
[BlackElo "2039"]
[EventDate "2019.04.16"]
[EventRounds "7"]
[EventCountry "DEN"]
[WhiteFideId "1423240"]
[BlackFideId "1504258"]

1. d4 g6 2. Nf3 Bg7 3. c3 d6 4. e4 Nf6 5. Nbd2 O-O 6. Be2 Nc6 7. d5 Nb8 8. h4 Bg4 9. Ng5 Bxe2 10. Qxe2 h6 11. Nh3 c6 12. c4 Nbd7 13. Nf4 Nc5 14. Nd3 Nfd7 15. Rb1 e6 16. dxe6 Nxe6 17. Nb3 Re8 18. Be3 Nb6 19. c5 Nc4 20. cxd6 Qxd6 21. Rd1 Nxe3 22. Qxe3 Rad8 23. O-O Nd4 24. e5 Qd5 25. Nxd4 Qxd4 26. Qxd4 Rxd4 27. f4 Red8 28. Rf3 c5 29. b3 b5 30. Rff1 Rxd3  0-1

[Event "Kandidatklassen"]
[Site "Svendborg"]
[Date "2019.04.19"]
[Round "4"]
[White "Nord, Michael"]
[Black "Guindy, Esmat Susanne"]
[Result "0-1"]
[WhiteElo "2066"]
[BlackElo "2144"]
[EventDate "2019.04.16"]
[EventRounds "7"]
[EventCountry "DEN"]
[WhiteFideId "1433784"]
[BlackFideId "1401637"]

1. e4 e6 2. d4 d5 3. Nc3 Nf6 4. e5 Nfd7 5. f4 c5 6. Nf3 Nc6 7. Be3 a6 8. a3 b5 9. dxc5 Bxc5 10. Bxc5 Nxc5 11. Nd4 Qb6 12. Nce2 Bd7 13. Nxc6 Bxc6 14. Nd4 O-O 15. c3 f6 16. Qg4 Bd7 17. h4 fxe5 18. fxe5 Ne4 19. Rh2 Rf7 20. g3 Raf8 21. Be2 Rf5 22. O-O-O Nf2 23. Rxf2 Rxf2 24. Bd3 R8f7 25. Qh5 g6 26. Qh6 Qd8 27. Rh1 Qe7 28. Qe3 a5 29. h5 g5 30. h6 b4 31. axb4 axb4 32. cxb4 Qxb4 33. Qxg5+ Kh8 34. Nc2 Qf8 35. Kb1 Ba4 36. Rc1 Qb8 37. Qh4 Bxc2+ 38. Bxc2 Qxe5 39. Qd8+ Rf8 40. Qe7 R2f7 41. Qb4 Rb8 42. Re1 Rxb4 43. Rxe5 Rf6 44. Rh5 Rf1+ 45. Ka2 Rf2 46. Ka3 Rg4 47. Ba4 Rxg3+ 48. b3 Kg8 49. Kb4 d4 50. Kc4 d3 51. b4 d2 52. Rh1 Rf4+ 53. Kc5 Rg5+ 54. Kd6 Rxb4 55. Bd1 e5 56. Rh2 Rg1 57. Rxd2 Rxd1  0-1

[Event "Kandidatklassen"]
[Site "Svendborg"]
[Date "2019.04.20"]
[Round "5"]
[White "Brondt, Nicolai Kvist"]
[Black "Liu, Casper Yukun"]
[Result "1-0"]
[WhiteElo "2307"]
[BlackElo "2174"]
[EventDate "2019.04.16"]
[EventRounds "7"]
[EventCountry "DEN"]
[WhiteFideId "1413848"]
[BlackFideId "1454153"]

1. Nf3 Nf6 2. c4 e6 3. g3 d5 4. d4 Be7 5. Bg2 O-O 6. O-O dxc4 7. Qc2 b5 8. a4 b4 9. Nfd2 b3 10. Qxc4 Ba6 11. Qxb3 c6 12. Nc3 Qxd4 13. Rd1 Nd5 14. Nde4 Qb4 15. Qc2 Bc4 16. Nd2 Na6 17. Qe4 Nxc3 18. bxc3 Qxc3 19. Qxc4 Qxa1 20. Nb3 Qf6 21. Qxa6 Rab8 22. Qc4 Rb4 23. Qc2 Rfb8 24. Nc5 Bxc5 25. Qxc5 h6 26. Bxc6 Qa1 27. Kg2 Rb1 28. Bb5 a6 29. Qc7 Rf8 30. Rd8 axb5 31. Rxf8+ Kh7 32. Qxf7 Rxc1 33. Qg8+ Kg6 34. Qxe6+ Kh7 35. Qe4+ g6 36. Rf7+  1-0

[Event "Kandidatklassen"]
[Site "Svendborg"]
[Date "2019.04.20"]
[Round "5"]
[White "Nielsen, Viktor Haarmark"]
[Black "Pedersen, Steffen"]
[Result "1/2-1/2"]
[WhiteElo "2288"]
[BlackElo "2322"]
[EventDate "2019.04.16"]
[EventRounds "7"]
[EventCountry "DEN"]
[WhiteFideId "1444492"]
[BlackFideId "1401491"]

1. d4 d5 2. c4 c6 3. Nf3 Nf6 4. Nc3 a6 5. e3 e6 6. Qc2 c5 7. dxc5 Bxc5 8. a3 dxc4 9. Bxc4 Nbd7 10. O-O b5 11. Be2 Bb7 12. b4 Be7 13. Bb2 Rc8 14. Rfd1 Qb6 15. Rac1 h6 16. Nd4 Ne5  1/2-1/2